[Event "Bogota Semana Santa op"]
[Site "Bogota"]
[Date "2012.04.08"]
[Round "8"]
[White "Dabraccio, Guillermo"]
[Black "Escobar Barona, Juan Fernando"]
[Result "0-1"]
[WhiteElo "1745"]
[BlackElo "1994"]
[PlyCount "66"]
[EventDate "2012.04.04"]
[EventType "swiss"]
[EventRounds "9"]
[EventCountry "COL"]
[SourceTitle "CBM 147 Extra"]
[Source "ChessBase"]
[SourceDate "2012.04.24"]
[SourceVersion "1"]
[SourceVersionDate "2012.04.24"]
[SourceQuality "1"]

1. d4 d5 2. Bf4 Nf6 3. Nf3 c6 4. e3 Bf5 5. Be2 e6 6. Nbd2 Nbd7 7. 0-0 Be7 8. Ne5 0-0 9. Rc1 c5 10. c4 Rc8 11. a3 Qb6 12. g4 cxd4 13. gxf5 Nxe5 14. Bxe5 dxe3 15. c5 exd2 16. cxb6 dxc1Q 17. Qxc1 Rxc1 18. Rxc1 axb6 19. fxe6 fxe6 20. Rc7 Bc5 21. Kg2 Ne8 22. f4 Nxc7 23. Bxc7 Bd4 24. Bg4 Kf7 25. f5 exf5 26. Bxf5 Bxb2 27. a4 Bd4 28. Bd7 Ke7 29. Bb5 Ke6 30. Bd3 Rf2+ 31. Kg3 Ra2 32. Bb5 Be5+ 33. Bxe5 Kxe5 0-1

[Event "Bogota Semana Santa op"]
[Site "Bogota"]
[Date "2012.04.06"]
[Round "6"]
[White "Herrera, Milton"]
[Black "Escobar Barona, Juan Fernando"]
[Result "1-0"]
[WhiteElo "2090"]
[BlackElo "1994"]
[PlyCount "45"]
[EventDate "2012.04.04"]
[EventType "swiss"]
[EventRounds "9"]
[EventCountry "COL"]
[SourceTitle "CBM 147 Extra"]
[Source "ChessBase"]
[SourceDate "2012.04.24"]
[SourceVersion "1"]
[SourceVersionDate "2012.04.24"]
[SourceQuality "1"]

1. e4 c5 2. Nf3 d6 3. d4 cxd4 4. Nxd4 Nf6 5. Nc3 a6 6. Bg5 e6 7. f4 Be7 8. Qf3 Qc7 9. 0-0-0 Nbd7 10. Be2 b5 11. Bxf6 Nxf6 12. e5 Bb7 13. Qg3 dxe5 14. fxe5 Nd7 15. Bxb5 axb5 16. Ndxb5 Qc5 17. Qxg7 Rf8 18. Nd6+ Bxd6 19. exd6 Ra6 20. Qg3 Ne5 21. Rhe1 f6 22. Qg7 Bd5 23. Qe7# 1-0

[Event "Bogota Semana Santa op"]
[Site "Bogota"]
[Date "2012.04.04"]
[Round "1"]
[White "Escobar Barona, Juan Fernando"]
[Black "Corredor Castellanos, Camilo"]
[Result "1-0"]
[WhiteElo "1994"]
[BlackElo "1858"]
[PlyCount "83"]
[EventDate "2012.04.04"]
[EventType "swiss"]
[EventRounds "9"]
[EventCountry "COL"]
[SourceTitle "CBM 147 Extra"]
[Source "ChessBase"]
[SourceDate "2012.04.24"]
[SourceVersion "1"]
[SourceVersionDate "2012.04.24"]
[SourceQuality "1"]

1. e4 e5 2. Nf3 Nc6 3. Bb5 a6 4. Ba4 Nf6 5. 0-0 Be7 6. Re1 b5 7. Bb3 0-0 8. a4 Rb8 9. c3 d6 10. h3 Be6 11. Bc2 b4 12. d4 exd4 13. cxd4 d5 14. e5 Nd7 15. Qd3 g6 16. Qxa6 Rb6 17. Qd3 Bf5 18. Qd1 Bxc2 19. Qxc2 Na5 20. b3 Re8 21. Be3 Nf8 22. Nbd2 Ne6 23. Rac1 Rc6 24. Qd3 Rxc1 25. Rxc1 Ng5 26. Nxg5 Bxg5 27. Bxg5 Qxg5 28. Rxc7 Qd8 29. Rc5 Nb7 30. Rb5 Qd7 31. Rxb4 Rc8 32. Qb5 Qxb5 33. Rxb5 Nd8 34. Rxd5 Ne6 35. a5 Rc1+ 36. Kh2 Rc2 37. Nc4 Rxf2 38. a6 Kg7 39. a7 Ra2 40. Ra5 Rxa5 41. Nxa5 Nc7 42. b4 1-0

[Event "Cali Region-ch U18"]
[Site "Cali"]
[Date "2011.12.05"]
[Round "3.4"]
[White "Escobar Barona, Juan Fernando"]
[Black "Guelgua, Alvaro"]
[Result "1-0"]
[WhiteElo "2001"]
[BlackElo "2076"]
[PlyCount "127"]
[EventDate "2011.12.04"]
[EventType "swiss"]
[EventRounds "7"]
[EventCountry "COL"]
[SourceTitle "EXT 2024"]
[Source "ChessBase"]
[SourceDate "2023.10.10"]
[SourceVersion "1"]
[SourceVersionDate "2023.10.10"]
[SourceQuality "1"]

1. e4 e6 2. d4 d5 3. Nd2 Nf6 4. e5 Nfd7 5. Bd3 c5 6. c3 Nc6 7. Ne2 cxd4 8. cxd4 f6 9. exf6 Nxf6 10. Nf3 Bd6 11. 0-0 Qc7 12. a3 0-0 13. Qc2 e5 14. dxe5 Nxe5 15. Nxe5 Bxe5 16. Qxc7 Bxc7 17. Bf4 Bb6 18. Be5 Bg4 19. Nc3 Rad8 20. Na4 Nd7 21. Bd6 Rf7 22. Nxb6 Nxb6 23. Bb4 Nc4 24. b3 Ne5 25. Bc2 d4 26. h3 Bc8 27. Rad1 b6 28. Rfe1 Nc6 29. Bd2 Ba6 30. Be4 Ne5 31. Bxh7+ Kxh7 32. Rxe5 Rc7 33. Bg5 Rdd7 34. Re4 d3 35. Ra4 Bb5 36. Rh4+ Kg8 37. a4 Ba6 38. b4 Bc4 39. Be3 Bb3 40. Rd2 Bxa4 41. Rd4 Rxd4 42. Bxd4 Bc2 43. Be5 Rc4 44. b5 Kf7 45. f4 Rb4 46. Bb8 Rxb5 47. Bxa7 Kf6 48. g4 Ke6 49. Kf2 Kd5 50. Ke3 Kc4 51. Bb8 g6 52. f5 gxf5 53. g5 Kc3 54. g6 Rb1 55. Be5+ Kb4 56. g7 Rg1 57. h4 Kc5 58. h5 Bb3 59. Rxd3 Bg8 60. h6 Rg6 61. Rd8 Bh7 62. Rh8 Rxh6 63. Rxh7 Rg6 64. Rh8 1-0

[Event "Cali Region-ch U16"]
[Site "Cali"]
[Date "2011.02.13"]
[Round "6.6"]
[White "Caicedo, Ronald"]
[Black "Escobar Barona, Juan Fernando"]
[Result "1/2-1/2"]
[WhiteElo "1564"]
[BlackElo "2001"]
[PlyCount "43"]
[EventDate "2011.02.11"]
[EventType "swiss"]
[EventRounds "7"]
[EventCountry "COL"]
[SourceTitle "EXT 2024"]
[Source "ChessBase"]
[SourceDate "2023.10.10"]
[SourceVersion "1"]
[SourceVersionDate "2023.10.10"]
[SourceQuality "1"]

1. e4 c5 2. Nf3 d6 3. d4 cxd4 4. Nxd4 Nf6 5. Nc3 a6 6. Be3 e5 7. Nb3 Be6 8. Bd3 Be7 9. 0-0 0-0 10. Qd2 Nc6 11. f4 Ng4 12. f5 Nxe3 13. Qxe3 Bxb3 14. axb3 Bg5 15. Qg3 Nd4 16. Nd5 Bf6 17. Kh1 Rc8 18. Rac1 Kh8 19. Qf2 Bh4 20. g3 Bg5 21. Rcd1 Nc6 22. f6 1/2-1/2

[Event "Cali Region-ch U16"]
[Site "Cali"]
[Date "2011.02.12"]
[Round "5.3"]
[White "Escobar Barona, Juan Fernando"]
[Black "Villamil, Nahum Jose"]
[Result "0-1"]
[WhiteElo "2001"]
[BlackElo "1814"]
[PlyCount "106"]
[EventDate "2011.02.11"]
[EventType "swiss"]
[EventRounds "7"]
[EventCountry "COL"]
[SourceTitle "EXT 2024"]
[Source "ChessBase"]
[SourceDate "2023.10.10"]
[SourceVersion "1"]
[SourceVersionDate "2023.10.10"]
[SourceQuality "1"]

1. e4 c5 2. Nf3 d6 3. d4 Nf6 4. Nc3 cxd4 5. Nxd4 g6 6. Be3 Bg7 7. f3 a6 8. Qd2 h5 9. Bc4 Nbd7 10. 0-0-0 b5 11. Nd5 Bb7 12. Nxf6+ Bxf6 13. Bd5 Bxd5 14. exd5 Ne5 15. Bg5 Nc4 16. Qf4 Be5 17. Qe4 Qa5 18. Kb1 Qb4 19. Nb3 Rc8 20. Rhe1 0-0 21. Bd2 Qa4 22. Bc1 Rc7 23. f4 Bf6 24. g4 h4 25. g5 Bg7 26. f5 Nb6 27. fxg6 Qxe4 28. gxf7+ Rxf7 29. Rxe4 Rf2 30. Rd2 Rf1 31. Rxh4 Nc4 32. Re2 Nxb2 33. Rhe4 Na4 34. R4e3 Nc3+ 35. Rxc3 Bxc3 36. Nd2 Rf5 37. Ne4 Rxd5 38. Nxc3 Rxc3 39. Rxe7 Rdc5 40. Re2 a5 41. g6 Rc8 42. h4 Rh3 43. Bg5 a4 44. Re6 a3 45. Rxd6 Rh1+ 46. Bc1 Re8 47. Ra6 b4 48. c3 Ree1 49. Kc2 Rxc1+ 50. Kb3 Rb1+ 51. Kc4 Rxh4+ 52. Kd5 bxc3 53. Ke6 c2 0-1

[Event "Cali Deptal Valle"]
[Site "Cali"]
[Date "2010.05.17"]
[Round "8"]
[White "Chaverra, Bismark"]
[Black "Escobar Barona, Juan Fernando"]
[Result "1-0"]
[WhiteElo "2138"]
[BlackElo "2020"]
[PlyCount "77"]
[EventDate "2010.05.14"]
[EventType "swiss"]
[EventRounds "8"]
[EventCountry "COL"]
[SourceTitle "EXT 2024"]
[Source "ChessBase"]
[SourceDate "2023.10.10"]
[SourceVersion "1"]
[SourceVersionDate "2023.10.10"]
[SourceQuality "1"]

1. e4 c5 2. Nf3 d6 3. c3 Nf6 4. Be2 Nc6 5. d3 g6 6. 0-0 Bg7 7. Re1 0-0 8. Nbd2 a6 9. h3 b5 10. Nf1 b4 11. g4 bxc3 12. bxc3 Nd7 13. Qc2 Rb8 14. Ng3 Nb4 15. Qd2 d5 16. Rb1 dxe4 17. dxe4 Nc6 18. Rxb8 Ncxb8 19. Qc2 Nc6 20. Be3 Qa5 21. Rc1 Bb7 22. Nd2 Qc7 23. f4 Bh6 24. Rf1 e6 25. Kh2 Ne7 26. Nc4 f5 27. gxf5 exf5 28. e5 Nd5 29. Bd2 Bg7 30. Bf3 N5b6 31. Nxb6 Qxb6 32. Bxb7 Qxb7 33. Rb1 Kh8 34. Qb3 Rb8 35. Be3 Qc6 36. Qa3 Bf8 37. Qxa6 Qf3 38. Rb6 Nxb6 39. c4 1-0

[Event "COL-ch U16"]
[Site "Bogota"]
[Date "2010.03.30"]
[Round "4.1"]
[White "Escobar Barona, Juan Fernando"]
[Black "Hernandez Sanchez, Jairo Andres"]
[Result "0-1"]
[WhiteElo "1991"]
[BlackElo "2056"]
[PlyCount "112"]
[EventDate "2010.03.29"]
[EventType "swiss"]
[EventRounds "8"]
[EventCountry "COL"]
[SourceTitle "EXT 2024"]
[Source "ChessBase"]
[SourceDate "2023.10.10"]
[SourceVersion "1"]
[SourceVersionDate "2023.10.10"]
[SourceQuality "1"]

1. e4 c5 2. Nf3 g6 3. d4 cxd4 4. Nxd4 Bg7 5. c4 Nc6 6. Be3 Nf6 7. Nc3 d6 8. Be2 0-0 9. Qd2 Bd7 10. 0-0 Nxd4 11. Bxd4 Bc6 12. f3 a5 13. b3 Nd7 14. Be3 Rc8 15. Rac1 b6 16. Rfd1 Nc5 17. Nd5 Bxd5 18. cxd5 f5 19. b4 axb4 20. Qxb4 fxe4 21. fxe4 Ra8 22. Bc4 Be5 23. Rf1 Rxf1+ 24. Rxf1 Nxe4 25. Bxb6 Qb8 26. Bb3 Nc3 27. a3 Bd4+ 28. Bxd4 Qxb4 29. axb4 Ne2+ 30. Kf2 Nxd4 31. Bc4 Rb8 32. Rb1 Nc2 33. b5 Na3 34. Rb4 Nxc4 35. Rxc4 Rxb5 36. Rd4 Kg7 37. Kf3 Rb3+ 38. Kf4 Kf6 39. g4 g5+ 40. Ke4 Rb2 41. Rd1 Rxh2 42. Rf1+ Kg7 43. Kf5 Re2 44. Kxg5 Re5+ 45. Rf5 h6+ 46. Kf4 Rxf5+ 47. Kxf5 Kf7 48. Ke4 Kf6 49. Kf4 Kf7 50. Ke4 Kg6 51. Kf4 Kf6 52. Ke4 e5 53. Kf3 Kg5 54. Kg3 e4 55. Kh3 Kf4 56. Kg2 Ke3 0-1

[Event "COL-ch U16"]
[Site "Bogota"]
[Date "2010.03.29"]
[Round "2.1"]
[White "Escobar Barona, Juan Fernando"]
[Black "Martinez Romero, Martin"]
[Result "1-0"]
[WhiteElo "1991"]
[BlackElo "2155"]
[PlyCount "57"]
[EventDate "2010.03.29"]
[EventType "swiss"]
[EventRounds "8"]
[EventCountry "COL"]
[SourceTitle "EXT 2024"]
[Source "ChessBase"]
[SourceDate "2023.10.10"]
[SourceVersion "1"]
[SourceVersionDate "2023.10.10"]
[SourceQuality "1"]

1. e4 g6 2. d4 Bg7 3. Nc3 d6 4. Be3 Nd7 5. Qd2 a6 6. f3 b5 7. h4 h5 8. Nh3 Bb7 9. Ng5 Rc8 10. a4 b4 11. Bc4 e6 12. Ne2 c5 13. dxc5 dxc5 14. Rd1 Ngf6 15. Nf4 Qe7 16. Bxe6 Ne5 17. Bxc8 Bxc8 18. Bxc5 Qd7 19. Bxb4 Nc4 20. Qxd7+ Bxd7 21. b3 Ne5 22. Bc3 Nh7 23. Nxh7 Nxf3+ 24. gxf3 Bxc3+ 25. Ke2 Rxh7 26. Nd5 Be5 27. f4 Bg4+ 28. Ke3 Bb2 29. Rd3 1-0

[Event "Valle Region-ch U20 Absoluto"]
[Site "Cali"]
[Date "2010.03.07"]
[Round "7"]
[White "Escobar Barona, Juan Fernando"]
[Black "Guelgua, Alvaro"]
[Result "1-0"]
[WhiteElo "1991"]
[BlackElo "2018"]
[PlyCount "33"]
[EventDate "2010.03.05"]
[EventType "swiss"]
[EventRounds "7"]
[EventCountry "COL"]
[SourceTitle "EXT 2024"]
[Source "ChessBase"]
[SourceDate "2023.10.10"]
[SourceVersion "1"]
[SourceVersionDate "2023.10.10"]
[SourceQuality "1"]

1. e4 e6 2. d4 d5 3. Nd2 Nf6 4. e5 Nfd7 5. Bd3 c5 6. c3 Nc6 7. Ne2 cxd4 8. cxd4 f6 9. exf6 Nxf6 10. 0-0 Bd6 11. Nf3 Qc7 12. a3 0-0 13. Qc2 g6 14. Bh6 Kh8 15. Bxf8 Bxf8 16. Qd2 Bd6 17. Qg5 1-0

[Event "Valle Region-ch U20 Absoluto"]
[Site "Cali"]
[Date "2010.03.06"]
[Round "5"]
[White "Escobar Barona, Juan Fernando"]
[Black "Narvaez, Zamir Alexis"]
[Result "0-1"]
[WhiteElo "1991"]
[BlackElo "2168"]
[PlyCount "44"]
[EventDate "2010.03.05"]
[EventType "swiss"]
[EventRounds "7"]
[EventCountry "COL"]
[SourceTitle "EXT 2024"]
[Source "ChessBase"]
[SourceDate "2023.10.10"]
[SourceVersion "1"]
[SourceVersionDate "2023.10.10"]
[SourceQuality "1"]

1. e4 c5 2. Nf3 Nc6 3. d4 cxd4 4. Nxd4 Nf6 5. Nxc6 bxc6 6. Bd3 e6 7. c4 e5 8. 0-0 Bc5 9. Kh1 d6 10. Qe2 Ng4 11. g3 h5 12. h4 Qd7 13. f3 Ne3 14. Bxe3 Qh3+ 15. Qh2 Bxe3 16. Qxh3 Bxh3 17. Re1 Bf2 18. Re2 Bxg3 19. Nc3 Be6 20. Rg1 Bxh4 21. Rxg7 Bg4 22. fxg4 Bf6 0-1

[Event "Valle Region-ch U20 Absoluto"]
[Site "Cali"]
[Date "2010.03.05"]
[Round "2"]
[White "Escobar Barona, Juan Fernando"]
[Black "Herrera, Juan Sebastian"]
[Result "0-1"]
[WhiteElo "1991"]
[BlackElo "2115"]
[PlyCount "91"]
[EventDate "2010.03.05"]
[EventType "swiss"]
[EventRounds "7"]
[EventCountry "COL"]
[SourceTitle "EXT 2024"]
[Source "ChessBase"]
[SourceDate "2023.10.10"]
[SourceVersion "1"]
[SourceVersionDate "2023.10.10"]
[SourceQuality "1"]

1. e4 c5 2. Nf3 e6 3. d4 cxd4 4. Nxd4 a6 5. Bd3 Nc6 6. Nxc6 dxc6 7. 0-0 e5 8. b3 Nf6 9. Bb2 Bd6 10. Nd2 Qe7 11. Nc4 Bc7 12. Ba3 c5 13. Ne3 Be6 14. Qf3 0-0 15. Rad1 g6 16. Bxc5 Qxc5 17. Qxf6 Bd8 18. Qf3 Qa3 19. Bc4 Qe7 20. Rd3 Bb6 21. Bd5 Rac8 22. Nc4 Bd4 23. Bxe6 Qxe6 24. c3 b5 25. Nb2 Bc5 26. Rfd1 f5 27. R3d2 fxe4 28. Qxe4 Rf4 29. Qe1 Ba7 30. Nd3 Rf5 31. Re2 Rd8 32. Kh1 Qf6 33. f3 Rh5 34. Nf2 Rxd1 35. Qxd1 Bxf2 36. Rxf2 Qh4 37. Qg1 Qf4 38. g3 Qe3 39. c4 bxc4 40. bxc4 Rf5 41. Rf1 Qd3 42. Rc1 Qxf3+ 43. Qg2 Qe3 44. Qg1 Rf2 45. Qxf2 Qxf2 46. h4 0-1

[Event "Valle Region-ch U16"]
[Site "Yumbo"]
[Date "2010.02.28"]
[Round "6.1"]
[White "Escobar Barona, Juan Fernando"]
[Black "Diaz, Cristian Camilo"]
[Result "1-0"]
[WhiteElo "1987"]
[BlackElo "2030"]
[PlyCount "85"]
[EventDate "2010.02.26"]
[EventType "swiss"]
[EventRounds "7"]
[EventCountry "COL"]
[SourceTitle "EXT 2024"]
[Source "ChessBase"]
[SourceDate "2023.10.10"]
[SourceVersion "1"]
[SourceVersionDate "2023.10.10"]
[SourceQuality "1"]

1. e4 c5 2. Nf3 d6 3. d4 cxd4 4. Nxd4 Nf6 5. Nc3 a6 6. Be3 e5 7. Nb3 Be6 8. f4 Ng4 9. Bd2 Be7 10. f5 Bh4+ 11. g3 Nxh2 12. fxe6 Bxg3+ 13. Ke2 Qf6 14. Kd3 fxe6 15. Rxh2 Bxh2 16. Qh5+ Kd7 17. Qxh2 Nc6 18. Be3 Rag8 19. Bh3 Kc7 20. Rf1 Qe7 21. Qg3 g5 22. Qg4 Rg6 23. Qh5 Qg7 24. Bxe6 Nd8 25. Bf5 Qf7 26. Rh1 Rg7 27. Bxg5 Qg8 28. Nd5+ Kb8 29. Nf6 Rxg5 30. Nxg8 Rxh5 31. Rxh5 Rxg8 32. Rxh7 Rg3+ 33. Kc4 Nc6 34. Kd5 Rg2 35. Kxd6 Rxc2 36. Bd7 Rxb2 37. Bxc6 bxc6 38. Kxc6 Rxa2 39. Nc5 Ra5 40. Nd7+ Ka8 41. Nb6+ Kb8 42. Rh8+ Ka7 43. Ra8# 1-0

[Event "Valle Region-ch U16"]
[Site "Yumbo"]
[Date "2010.02.26"]
[Round "2.3"]
[White "Zuleta, Juan Carlos"]
[Black "Escobar Barona, Juan Fernando"]
[Result "0-1"]
[WhiteElo "1825"]
[BlackElo "1987"]
[PlyCount "97"]
[EventDate "2010.02.26"]
[EventType "swiss"]
[EventRounds "7"]
[EventCountry "COL"]
[SourceTitle "EXT 2024"]
[Source "ChessBase"]
[SourceDate "2023.10.10"]
[SourceVersion "1"]
[SourceVersionDate "2023.10.10"]
[SourceQuality "1"]

1. e4 c5 2. Nc3 Nc6 3. f4 g6 4. Nf3 Bg7 5. Bb5 Nd4 6. 0-0 Nxb5 7. Nxb5 a6 8. Nc3 d6 9. d3 e6 10. Qe1 Ne7 11. Qh4 Nc6 12. Qxd8+ Nxd8 13. e5 d5 14. Na4 Bf8 15. Nb6 Rb8 16. c3 Nc6 17. Be3 d4 18. cxd4 cxd4 19. Nxd4 Bc5 20. Nc2 Bxe3+ 21. Nxe3 Ke7 22. Nec4 Bd7 23. Nd6 Rhd8 24. Rac1 Nd4 25. Rc7 Nb5 26. Rxb7 Nxd6 27. exd6+ Kxd6 28. Rxb8 Rxb8 29. Nxd7 Kxd7 30. b3 Rc8 31. g3 Kd6 32. Kg2 Kd5 33. Kf3 Kd4 34. Rd1 Rc2 35. a3 Rc3 36. Rb1 Kxd3 37. Kg4 Kc2 38. Re1 Rxb3 39. Kg5 a5 40. Kf6 Rb7 41. Re5 a4 42. h4 Kb2 43. Re3 Rb3 44. Re4 Kxa3 45. Kxf7 Kb2 46. Rxa4 Rxg3 47. Kg7 h5 48. Kf6 Rg4 49. Kxe6 0-1

[Event "Cali Menor 2100 op 11th"]
[Site "Cali"]
[Date "2009.12.27"]
[Round "2.1"]
[White "Guerrero, Ever"]
[Black "Escobar Barona, Juan Fernando"]
[Result "1-0"]
[WhiteElo "2092"]
[BlackElo "1987"]
[PlyCount "73"]
[EventDate "2009.12.26"]
[EventType "swiss"]
[EventRounds "8"]
[EventCountry "COL"]
[SourceTitle "EXT 2024"]
[Source "ChessBase"]
[SourceDate "2023.10.10"]
[SourceVersion "1"]
[SourceVersionDate "2023.10.10"]
[SourceQuality "1"]

1. c4 c5 2. Nc3 Nc6 3. g3 g6 4. Bg2 Bg7 5. d3 e6 6. e4 Nge7 7. Nge2 0-0 8. 0-0 d6 9. Rb1 Nd4 10. b4 cxb4 11. Rxb4 Nec6 12. Rb1 Qa5 13. a4 e5 14. Nxd4 Nxd4 15. Bd2 Qd8 16. Nd5 b6 17. a5 bxa5 18. Qa4 Bd7 19. Qa3 Bh3 20. Rb7 Bxg2 21. Kxg2 Nc6 22. Rfb1 f5 23. Rc7 Rb8 24. Rxb8 Nxb8 25. Bxa5 Qg5 26. exf5 gxf5 27. Qxd6 f4 28. Qe6+ Kh8 29. Rf7 f3+ 30. Rxf3 Rxf3 31. Kxf3 e4+ 32. dxe4 Be5 33. Qe8+ Kg7 34. h4 Qg6 35. Qxe5+ Kf7 36. Qe7+ Kg8 37. Nf6+ 1-0

[Event "Valle Region-ch U18"]
[Site "Cali"]
[Date "2009.11.??"]
[Round "2.1"]
[White "Escobar Barona, Juan Fernando"]
[Black "Narvaez, Zamir Alexis"]
[Result "0-1"]
[WhiteElo "1987"]
[BlackElo "2170"]
[PlyCount "54"]
[EventDate "2009.11.14"]
[EventType "tourn"]
[EventRounds "7"]
[EventCountry "COL"]
[SourceTitle "EXT 2024"]
[Source "ChessBase"]
[SourceDate "2023.10.10"]
[SourceVersion "1"]
[SourceVersionDate "2023.10.10"]
[SourceQuality "1"]

1. e4 c5 2. Nf3 e6 3. Nc3 Nc6 4. Bb5 Nge7 5. a4 a6 6. Bc4 d5 7. Bb3 c4 8. exd5 cxb3 9. dxc6 bxc2 10. Qxc2 Nxc6 11. 0-0 Be7 12. Rd1 e5 13. Qe4 f5 14. Qd5 e4 15. Qxd8+ Bxd8 16. Ne1 Be6 17. d3 Bb3 18. Rd2 0-0 19. dxe4 fxe4 20. Nxe4 Re8 21. f3 Ba5 22. Nd3 Bxd2 23. Bxd2 Bc2 24. Ndf2 Nd4 25. Bc3 Ne2+ 26. Kf1 Nxc3 27. bxc3 Rec8 0-1

[Event "Valle Region-ch U18"]
[Site "Cali"]
[Date "2009.11.??"]
[Round "1.4"]
[White "Montano, Jose Luis"]
[Black "Escobar Barona, Juan Fernando"]
[Result "0-1"]
[WhiteElo "1600"]
[BlackElo "1987"]
[PlyCount "60"]
[EventDate "2009.11.14"]
[EventType "tourn"]
[EventRounds "7"]
[EventCountry "COL"]
[SourceTitle "EXT 2024"]
[Source "ChessBase"]
[SourceDate "2023.10.10"]
[SourceVersion "1"]
[SourceVersionDate "2023.10.10"]
[SourceQuality "1"]

1. e4 c5 2. Nf3 d6 3. d4 cxd4 4. Nxd4 Nf6 5. Nc3 a6 6. Bg5 e6 7. f4 Be7 8. Qf3 0-0 9. 0-0-0 Qc7 10. g4 b5 11. Bd3 Bb7 12. Qh3 Nbd7 13. Bxf6 Nxf6 14. g5 Nd7 15. Rhg1 Nc5 16. f5 b4 17. Nce2 e5 18. Nb3 Nxd3+ 19. Qxd3 f6 20. h4 a5 21. Qg3 Bxe4 22. Rd2 a4 23. gxf6 Bxf6 24. Na1 Bxf5 25. Rgd1 Ra6 26. Ng1 Rc6 27. Nf3 Rc8 28. Ne1 Qe7 29. Qf3 Be6 30. Nd3 Rc4 0-1

[Event "COL-ch U14"]
[Site "Villanvicencio"]
[Date "2009.03.20"]
[Round "4"]
[White "Escobar Barona, Juan Fernando"]
[Black "Cardona, Juan Camilo"]
[Result "1-0"]
[WhiteElo "1984"]
[BlackElo "1977"]
[PlyCount "61"]
[EventDate "2009.03.19"]
[EventType "swiss"]
[EventRounds "7"]
[EventCountry "COL"]
[SourceTitle "EXT 2024"]
[Source "ChessBase"]
[SourceDate "2023.10.10"]
[SourceVersion "1"]
[SourceVersionDate "2023.10.10"]
[SourceQuality "1"]

1. e4 e5 2. Nf3 Nc6 3. Bb5 Nf6 4. 0-0 d6 5. Re1 Bd7 6. c3 g6 7. d4 Bg7 8. dxe5 Nxe5 9. Nxe5 dxe5 10. Qb3 0-0 11. Bxd7 Qxd7 12. Qxb7 Rfb8 13. Qa6 Rb6 14. Qe2 Rd6 15. Nd2 Rd8 16. Nc4 Rd1 17. Nxe5 Rxe1+ 18. Qxe1 Qb5 19. Nf3 Nxe4 20. Qxe4 Rd1+ 21. Ne1 Qe5 22. Qxe5 Bxe5 23. Kf1 Bf4 24. Bxf4 Rxa1 25. a3 Rb1 26. Bxc7 Rxb2 27. Bd6 Kg7 28. c4 Kf6 29. Be5+ Kxe5 30. Nd3+ Kd4 31. Nxb2 1-0

[Event "COL-ch U14"]
[Site "Villanvicencio"]
[Date "2009.03.20"]
[Round "3"]
[White "Escobar Barona, Juan Fernando"]
[Black "Rendon, Daniel"]
[Result "1/2-1/2"]
[WhiteElo "1984"]
[BlackElo "2026"]
[PlyCount "82"]
[EventDate "2009.03.19"]
[EventType "swiss"]
[EventRounds "7"]
[EventCountry "COL"]
[SourceTitle "EXT 2024"]
[Source "ChessBase"]
[SourceDate "2023.10.10"]
[SourceVersion "1"]
[SourceVersionDate "2023.10.10"]
[SourceQuality "1"]

1. e4 e5 2. Nf3 Nc6 3. Bb5 a6 4. Ba4 Nf6 5. 0-0 Be7 6. Re1 b5 7. Bb3 0-0 8. a4 Bb7 9. d3 d6 10. c3 Nd7 11. Be3 Na5 12. Ba2 c5 13. Nbd2 Nb6 14. axb5 axb5 15. d4 Qc7 16. dxe5 dxe5 17. Bg5 Rfd8 18. Qe2 c4 19. Bxe7 Qxe7 20. Rad1 Na4 21. Nf1 Nc5 22. Bb1 Nab3 23. N3d2 Nxd2 24. Nxd2 Rd6 25. f3 Rad8 26. Bc2 Qg5 27. Nf1 g6 28. Rxd6 Rxd6 29. Rd1 Qd8 30. Rxd6 Qxd6 31. Qd2 Qxd2 32. Nxd2 Kf8 33. Kf2 Ke7 34. Ke3 Ke6 35. b3 Ba6 36. bxc4 bxc4 37. Bd1 Nd3 38. Be2 Nb2 39. f4 f6 40. fxe5 fxe5 41. g3 Bb5 1/2-1/2

[Event "Valle U16"]
[Site "Jamundi"]
[Date "2009.03.14"]
[Round "5"]
[White "Guelgua, Alvaro"]
[Black "Escobar Barona, Juan Fernando"]
[Result "1-0"]
[WhiteElo "1990"]
[BlackElo "1984"]
[PlyCount "55"]
[EventDate "2009.03.13"]
[EventType "swiss"]
[EventRounds "7"]
[EventCountry "COL"]
[SourceTitle "EXT 2011"]
[Source "ChessBase"]
[SourceDate "2010.11.26"]
[SourceVersion "1"]
[SourceVersionDate "2010.11.26"]
[SourceQuality "1"]

1. e4 e6 2. d4 d5 3. Nd2 c5 4. Ngf3 Nf6 5. e5 Nfd7 6. c3 Nc6 7. Bd3 Qb6 8. 0-0 cxd4 9. cxd4 Be7 10. Nb3 0-0 11. Ng5 h6 12. Nh7 Re8 13. Bxh6 gxh6 14. Qg4+ Kh8 15. Qh5 Bf8 16. Nxf8 Nxf8 17. Qxh6+ Kg8 18. Qg5+ Ng6 19. Bxg6 fxg6 20. Qxg6+ Kf8 21. Qf6+ Kg8 22. Rfe1 Qc7 23. Re3 Re7 24. Qg6+ Kf8 25. Rh3 Rf7 26. Rh8+ Ke7 27. Qg5+ Kd7 28. Nc5# 1-0